Student self-governance in Hungary in the new millennium advocacy, organisation, entrepreneurship in the higher education supermarket /

The research focuses on active personal and community citizenship, political participation, self-organisation by generations and patterns of public and community activity in the interpretive communities of higher education, as well as on new forms of public activity and the development of student or...

Teljes leírás

Elmentve itt :
Bibliográfiai részletek
Szerző: Jancsák Csaba
Dokumentumtípus: Cikk
Megjelent: Belvedere Meridionale Szeged 2014
Sorozat:Belvedere Meridionale 26 No. 4
Kulcsszavak:Hallgatói önkormányzat - felsőoktatás - Magyarország
Tárgyszavak:
mtmt:http://dx.doi.org/10.14232/belv.2014.4.5
Online Access:http://acta.bibl.u-szeged.hu/34721
LEADER 02194nab a2200217 i 4500
001 acta34721
005 20250703145731.0
008 161017s2014 hu o 000 eng d
024 7 |a http://dx.doi.org/10.14232/belv.2014.4.5  |2 doi 
040 |a SZTE Egyetemi Kiadványok Repozitórium  |b hun 
041 |a eng 
100 1 |a Jancsák Csaba 
245 1 0 |a Student self-governance in Hungary in the new millennium  |h [elektronikus dokumentum] :  |b advocacy, organisation, entrepreneurship in the higher education supermarket /  |c  Jancsák Csaba 
260 |a Belvedere Meridionale  |b Szeged  |c 2014 
300 |a 64-80 
490 0 |a Belvedere Meridionale  |v 26 No. 4 
520 3 |a The research focuses on active personal and community citizenship, political participation, self-organisation by generations and patterns of public and community activity in the interpretive communities of higher education, as well as on new forms of public activity and the development of student organisations in the new millennium. The empirical source of this article is the database resulting from the study “Active Youth in Hungary” (Aktív fiatalok Magyarországon) (2013, N=1300). This article presents the characteristics of the different phases in the life-cycle of higher education students’ unions as organisations (in terms of performance, creativity, risk-taking, administration and integration). The author analyses the institution system of students’ unions, and the underlying causes of shifts in functions and values and their consequences by using a sociology-of-youth approach to higher educations’ historical milestones between 2000 and 2013. The reforms introduced in Hungarian higher education in the new millennium, in particular the introduction of the credit system, led to the transformation of the students’ collective interests which caused a shift in values, a decline of advocating function and the loss of the mass base in the students’ union movement. 
650 4 |a Társadalomtudományok 
650 4 |a Oktatástudomány 
695 |a Hallgatói önkormányzat - felsőoktatás - Magyarország 
856 4 0 |u http://acta.bibl.u-szeged.hu/34721/1/belvedere_2014_004_064-080.pdf  |z Dokumentum-elérés